00660nam a2200217 a 450000100060000000300080000600500170001400800410003103500190007204000290009104100080012008200280012810000370015624500690019326000360026230000330029849000530033150000200038465000180040470000200042213182BD-RjUL20211208235422.0140130s1953 nyua 001 0 eng d a(BD-RjUL)13233 aAIPObengcAIPOdBD-RjUL aeng04a629.132 3219bKUA 19531 aKuchemann, Dietrich,d1911-1976.10aAerodynamics of propulsion /cDietrich Kuchemann, Johanna Weber. aNew York :bMcGraw-Hill,c1953. aix, 340 p. :bill. ;c24 cm.0 aMcGraw-Hill publications in aeronautical science aIncludes index. 0aAerodynamics.1 aWeber, Johanna.